Normal view
MARC view
Entry Personal Name
001 - CONTROL NUMBER
- control field: 9029
003 - CONTROL NUMBER IDENTIFIER
- control field: AM-YEHGA
005 - DATE AND TIME OF LATEST TRANSACTION
- control field: 20250618063808.0
008 - FIXED-LENGTH DATA ELEMENTS
- fixed length control field: 041021 a|ac|n|aab||||||||||||a |n|||||||
040 ## - CATALOGING SOURCE
- Original cataloging agency: AM-YEHGA
100 1# - HEADING--PERSONAL NAME
- Personal name: Անանյան, Արմեն Արտեմի,
- Dates associated with a name: 1896-1958
400 1# - SEE FROM TRACING--PERSONAL NAME
- Personal name: Ананян, Армен Артемович,
- Dates associated with a name: 1896-1958
400 1# - SEE FROM TRACING--PERSONAL NAME
- Personal name: Ananyan, Armen Artemi,
- Dates associated with a name: 1896-1958
670 ## - SOURCE DATA FOUND
- Source citation: Հայկական համառոտ հանրագիտարան, 1990 :
- Information found: հ. 1 (Անանյան Արմեն Արտեմի (1896, գ. Շամախյան (այժմ՝ Դիլիջան ք. շրջագծում) - 18.12.1958, Երևան), պետ. և կուս. գործիչ)
678 ## - BIOGRAPHICAL OR HISTORICAL DATA
- Biographical or historical data: Անհիմն բռնադատվել է, 1937-1955-ին եղել աքսորավայրում, հետագայում արդարացվել
ՀՀ Գիտությունների ազգային ակադեմիայի հիմնարար գիտական գրադարան = Fundamental Scientific Library of NAS RA
All site content, except where otherwise noted, is licensed under a